| 000 | 00983cam a22003137a 4500 | ||
|---|---|---|---|
| 003 | CHAP | ||
| 005 | 20220817042351.0 | ||
| 008 | 971013s1965 r 00010 d | ||
| 010 | _a42389 | ||
| 011 | _a43361 | ||
| 035 | _a47497 | ||
| 040 | _cCHAP | ||
| 082 |
_a333.0972 _bF7 |
||
| 100 | 0 | 0 |
_aFranco B., Joaquín. _942943 |
| 245 | 1 | 4 | _aLos nuevos centros de población |
| 260 |
_aChapingo, Méx. : _bColegio de Postgraduados. Centro de Economía Agrícola, _c1965 |
||
| 300 | _a31 p. | ||
| 490 | 0 |
_aSerie monografías _v; 4 |
|
| 590 |
_aBATCH-UPD _b10 _c20130110 _lUCH01 _h0953 |
||
| 590 |
_aBATCH-UPD _b10 _c20130410 _lUCH01 _h0606 |
||
| 590 |
_aBATCH-UPD _b10 _c20130914 _lUCH01 _h1958 |
||
| 590 |
_aCONVERSION _b10 _c20130109 _lUCH01 _h1323 |
||
| 650 | 1 | 4 |
_aReforma agraria _zMéxico. _995596 |
| 650 | 1 | 4 |
_aTierras _xTenencia _zMéxico. _9113215 |
| 830 | 0 |
_aSerie monografias _v; 4 |
|
| 901 | _aBK | ||
| 942 | _cLIBRO | ||
| 949 |
_a333.0972 F7 _bBC _cUACH _d-107924 _eUACH _i47497 _mD _si |
||
| 999 |
_c42389 _d42389 |
||